01566nam a2200289 4500003000900000020001800009040002800027090001100055100003100066245017400097260003700271300007900308490002000387500005700407500005200464520025600516534002700772650004300799650004100842700004600883700003300929700003400962942001200996999001701008952012401025952012701149CO-ViMGA a9789583048883 aCO-ViMGAbspacCO-ViMGA aC MATm1 aMatias, Segundo D. 9225510aMamá es una supermujer /cSegundo D. Matias, J.r. ; ilustraciones de Ghani Madueño ; edición Diana López de Mesa O. ; traducción del ingles Juan Pablo Mojica  a Bogotá : Panamericana 2015.  a30 páginas, [2] páginas sin numerar : ilustraciones en color ; 23 cm  a OA infantil  aIncluye datos biográficos del autor e ilustrador  aRecomendado para niños a partir de 6 años  a"Mariana es conocida en su pueblo porque hace manicure y pedicure. También es popular por su gran canasto lleno de cosas para vender a cuotas. Pero además hace muchas otras cosas más: es una gran mamá y es capaz de darlo todo por sus hijos."  tMommy is superwoman! 14a Cuentos infantiles filipinos 9225614aLiteratura infantil filipina 922571 a López de Mesa Oses, Diana eEd.919731 aMadueño, Ghani,eIl.922631 aMojica, Juan Pablo,eTr.9534 2ddccBK c37175d37175 00102ddc40708008aMEVIECARbMEVIECARd2020-02-28l1oC MATmp32054r2021-09-24 00:00:00s2021-09-10w2020-02-28yBK 00102ddc40708008aMEVIECARbMEVIECARd2020-02-28l1m1oC MATmp32055r2022-05-27 00:00:00s2022-05-16w2020-02-28yBK